Possibilities of diverse rubber based agroforestry systems for smallholdings in India (Record no. 65325)

MARC details
000 -LEADER
fixed length control field 02406nam a2200253Ia 4500
100 ## - MAIN ENTRY--AUTHOR NAME
Personal name Jessy M D
245 #0 - TITLE STATEMENT
Title Possibilities of diverse rubber based agroforestry systems for smallholdings in India
260 ## - PUBLICATION, DISTRIBUTION, ETC. (IMPRINT)
Name of publisher Agroforestry Systems
Year of publication 2017
300 ## - PHYSICAL DESCRIPTION
Number of Pages 515-526
500 ## - GENERAL NOTE
General note Source Year: 2016
520 ## - SUMMARY, ETC.
Summary, etc Rubber growers in South East Asian countries are facing acute crisis due to the price volatility, sharp increase in cost of cultivation, increasing drought and declining soil fertility. With an objective to generate additional income and improve smallholder welafare by integrating diverse crops in rubber ecosystem, three experiments were conducted in Rubber Research Institute of India during 2001-2014 period. In one experiment, coffee, vanilla on Glyricidia standards, Garcinia and nutmeg were cultivated along with rubber without altering the planting design and density of rubber trees. Growth of rubber was significantly higher under mixed planting and yield was not influenced. Soil moisture status during summer and microbial population were higher in mixed planting system and soil nutrient status was maintained. Yield of all the intercrops was good during initial years. As the shade from rubber canopy intensified, Garcinia perished but vanilla and coffee continued to yield reasonably well. In another experiment, nine shade tolerant medicinal plants were evaluated in mature rubber plantation. All the medicinal plants established well and produced reasonable biomass, but the performance of Strobilanthes cuspida and Alpinia calcarata were comparatively better. In another study, it was observed that short duration vegetables like amaranthus and salad cucumber can be cultivated during the annual leaf shedding period in mature rubber plantations to meet part of the household requirement. The results showed that diverse crops can be integrated with rubber without any adverse effect on growth and yield of rubber. Crop diversification generated additional income, mitigated drought and sustained soil fertility.
650 ## - SUBJECT ADDED ENTRY--TOPICAL TERM
Topical Term Crop diversification
650 ## - SUBJECT ADDED ENTRY--TOPICAL TERM
Topical Term Drought mitigation
650 ## - SUBJECT ADDED ENTRY--TOPICAL TERM
Topical Term Medicinal plants
650 ## - SUBJECT ADDED ENTRY--TOPICAL TERM
Topical Term Plantation crops
650 ## - SUBJECT ADDED ENTRY--TOPICAL TERM
Topical Term Spices
650 ## - SUBJECT ADDED ENTRY--TOPICAL TERM
Topical Term Vegetables
650 ## - SUBJECT ADDED ENTRY--TOPICAL TERM
Topical Term Wintering period
700 ## - ADDED ENTRY--PERSONAL NAME
Personal name George S
700 ## - ADDED ENTRY--PERSONAL NAME
Personal name Joseph P
856 ## - ELECTRONIC LOCATION AND ACCESS
Uniform Resource Identifier Copy of article
942 ## - ADDED ENTRY ELEMENTS (KOHA)
Koha item type Journals
Holdings
Withdrawn status Lost status Damaged status Not for loan Home library Current library Shelving location Date acquired Serial Enumeration / chronology Koha item type
      Journals RRII Library RRII Library Agronomy 01/01/2021 Volume 91, Issue 3 Journals